Tomb Raider I - III Levels - Statistics

General Stats
  • This quiz has been taken 141 times
  • The average score is 31 of 52
Answer Stats
Hint Answer % Correct
TR2 - China The Great Wall
90%
TR2 - Venice Venice
90%
TR1 - Peru Caves
84%
TR3 - London City
80%
TR2 - Venice Opera House
79%
TR1 - Greece St. Francis' Folly
77%
TR1 - Peru Lost Valley
75%
TR1 - Greece Colosseum
74%
TR3 - Nevada Area 51
72%
TR1 - Lost Island Natla's Mines
72%
TR1 - Lost Island Atlantis
71%
TR1 - Peru Tomb of Qualopec
71%
TR1 - Greece Palace Midas
70%
TR2 - Maria Doria The Deck
70%
TR2 - China (II) Temple of Xian
69%
TR2 - China (II) Floating Islands
68%
TR2 - Maria Doria 40 Fathoms
67%
TR1 - Greece The Cistern
66%
TR1 - Lost Island The Great Pyramid
66%
TR2 - Venice Bartoli's Hideout
65%
TR1 - Peru City of Vilcabamba
65%
TR1 - Egypt Obelisk of Khamoon
65%
TR1 - Greece Tomb of Tihocan
65%
TR2 - Maria Doria Wreck of the Maria Doria
65%
TR1 - Egypt City of Khamoon
63%
TR3 - India Jungle
62%
TR1 - Egypt Sanctuary of the Scion
61%
TR2 - China (III) The Dragon's Lair
61%
Epilogue Home Sweet Home
60%
TR2 - Maria Doria Living Quarters
54%
TR3 - India Temple Ruins
54%
TR2 - Tibet Ice Palace
51%
TR2 - Oil Rig Offshore Rig
51%
TR3 - London Thames Wharf
51%
TR2 - Tibet Tibetan Foothills
51%
TR2 - Tibet Barkhang Monastery
49%
TR3 - Antarctica Antarctica
48%
TR2 - Oil Rig Diving Area
48%
TR3 - Nevada High Security Compound
48%
TR3 - Nevada Nevada Desert
48%
TR3 - South Pacific Crash Site
47%
TR3 - London Aldwych
46%
TR3 - London Lud's Gate
45%
TR3 - Antarctica RX-Tech Mines
45%
TR3 - India The River Ganges
45%
TR3 - Antarctica Lost City of Tinnos
44%
TR3 - Antarctica Meteorite Cavern
41%
TR3 - South Pacific Temple of Puna
41%
TR2 - Tibet Catacombs of the Talion
40%
TR3 - South Pacific Coastal Village
39%
TR3 - India Caves of Kaliya
37%
TR3 - South Pacific Madubu Gorge
35%
No matching quizzes found
Score Distribution
Percent of People with Each Score
Percentile by Number Answered
Your Score History
You have not taken this quiz